Estudio de prefactibilidad para la implantación de una fábrica de monedas en Costa Rica
Salvato in:
| Autore principale: | |
|---|---|
| Altri autori: | |
| Natura: | Libro |
| Pubblicazione: |
San José, Costa Rica
2006
|
| Soggetti: | |
| Tags: |
Aggiungi Tag
Nessun Tag, puoi essere il primo ad aggiungerne!!
|
MARC
| LEADER | 00000nam a2200000Ia 4500 | ||
|---|---|---|---|
| 003 | 009821 | ||
| 005 | 20240206102335.0 | ||
| 008 | 140114s2006 cr a 000 ||s d | ||
| 040 | |c cru CEDI | ||
| 090 | |a TFG 5345 | ||
| 100 | |a Garnier Noguera, Jorge, 1982- |9 2338 | ||
| 245 | |a Estudio de prefactibilidad para la implantación de una fábrica de monedas en Costa Rica | ||
| 260 | |b San José, Costa Rica |c 2006 | ||
| 300 | |a vi, 88, [22] hojas; ilustraciones (algunas a color) | ||
| 500 | |a Proyecto de graduación (licenciatura en ingeniería química)--Universidad de Costa Rica. Facultad de Ingeniería. Escuela de Ingeniería Química | ||
| 501 | |a Director de Proyecto de Graduación: Ing. Adolfo Ulate Brenes | ||
| 650 | |x MONEDAS |x FABRICACION |x INGENIERÍA QUÍMICA |x APLICACIONES INDUSTRIALES |x ECONOMIA INDUSTRIAL |x INVESTIGACIONES |9 5087 | ||
| 700 | |a Ulate Brenes, Adolfo Mauricio,1977- |d Director del TFG |9 20 | ||
| 942 | |c TFG |h TFG 5345 |i 009821 |6 TFG_5345_009821000000000 | ||
| 999 | |c 16929 |d 16929 | ||
